Sheffield United Squad 2019-2020 - Statistics

General Stats
  • This quiz has been taken 14 times
  • The average score is 20 of 31
Answer Stats
# Position Nation Player % Correct
1 GK England Dean Henderson
100%
3 DF Ireland Enda Stevens
100%
9 FW Scotland Oliver McBurnie
100%
17 FW Ireland David McGoldrick
92%
2 DF England George Baldock
92%
12 DF Ireland John Egan
92%
27 MF Bosnia and Herzegovina Muhamed Bešić
92%
32 MF Norway Sander Berge
92%
- Coach England Chris Wilder
85%
4 MF Scotland John Fleck
85%
7 MF England John Lundstram
85%
22 FW France Lys Mousset
85%
16 MF Northern Ireland Oliver Norwood
85%
10 FW England Billy Sharp
77%
6 DF England Chris Basham
77%
11 FW Ireland Callum Robinson
69%
5 DF England Jack O'Connell
69%
19 DF England Jack Robinson
69%
18 DF Wales Kieron Freeman
54%
8 MF England Luke Freeman
54%
21 GK Netherlands Michael Verrips
54%
25 GK England Simon Moore
46%
23 MF England Ben Osborn
38%
15 DF England Phil Jagielka
38%
24 FW England Leon Clarke
31%
29 DF Greece Panagiotis Retsos
31%
14 MF Jamaica Ravel Morrison
31%
30 FW Netherlands Richairo Živković
31%
26 MF England Jack Rodwell
23%
20 DF England Kean Bryan
15%
19 DF England Richard Stearman
15%
No matching quizzes found
Score Distribution
Percent of People with Each Score
Percentile by Number Answered
Your Score History
You have not taken this quiz